<?xml version="1.0" encoding="UTF-8"?>
<record
    xmlns:xsi="http://www.w3.org/2001/XMLSchema-instance"
    xsi:schemaLocation="http://www.loc.gov/MARC21/slim http://www.loc.gov/standards/marcxml/schema/MARC21slim.xsd"
    xmlns="http://www.loc.gov/MARC21/slim">

  <leader>04820nab a2200325 i 4500</leader>
  <controlfield tag="003">BR-BrBNA</controlfield>
  <controlfield tag="005">20240702130906.0</controlfield>
  <controlfield tag="008">240702b2016    bl.qr|pooa||| 00| 0 eng |</controlfield>
  <datafield tag="040" ind1=" " ind2=" ">
    <subfield code="a">BR-BrBNA</subfield>
    <subfield code="b">eng</subfield>
  </datafield>
  <datafield tag="072" ind1=" " ind2=" ">
    <subfield code="a">F01</subfield>
  </datafield>
  <datafield tag="100" ind1=" " ind2=" ">
    <subfield code="a">Santos, M.R.A.</subfield>
  </datafield>
  <datafield tag="100" ind1=" " ind2=" ">
    <subfield code="a">Guimar&#xE3;es, M.C.M.</subfield>
  </datafield>
  <datafield tag="100" ind1=" " ind2=" ">
    <subfield code="a">Paz, E.S.</subfield>
  </datafield>
  <datafield tag="100" ind1=" " ind2=" ">
    <subfield code="a">Magalh&#xE3;es, G.M.O.</subfield>
  </datafield>
  <datafield tag="100" ind1=" " ind2=" ">
    <subfield code="a">Souza, C.A.</subfield>
  </datafield>
  <datafield tag="100" ind1=" " ind2=" ">
    <subfield code="a">Smozinski, C.V.</subfield>
  </datafield>
  <datafield tag="100" ind1=" " ind2=" ">
    <subfield code="a">Nogueira, W.O.</subfield>
  </datafield>
  <datafield tag="245" ind1=" " ind2=" ">
    <subfield code="a">Induction and growth pattern of callus from Piper permucronatum leaves</subfield>
  </datafield>
  <datafield tag="500" ind1=" " ind2=" ">
    <subfield code="a">Publica&#xE7;&#xE3;o on-line; 32 ref.; 2 tables; 1 illus.; Summaries (En, Pt)</subfield>
  </datafield>
  <datafield tag="520" ind1=" " ind2=" ">
    <subfield code="a">

ABSTRACT: 

Piper permucronatum is a perennial shrub, a medicinal plant native to the Amazon
Rainforest. Traditionally, the tea of its leaves is used to combat menstrual and intestinal cramps,
stomach pain, digestive problems, diarrhea, hemorrhage, and nausea. Its leaf&#x2019;s essential oil
is effective against Aedes aegypti larvae; its flavones and flavanones have a fungicidal effect
against Clamidosporium cladosporioides and C. sphaerospermum; its hexanic extract is
effective against Leishmania amazonensis. The objective of this study was to provide a protocol
for callus induction from P. permucronatum leaves and an identification of the callus growth
pattern, focusing on the deceleration phase, when the callus cells must be subcultured into
liquid medium in order to produce a cell suspension cultures. Leaf explants were inoculated
in a solid MS medium supplemented with factorial combinations of 2,4-D, BA, NAA and GA3.
Callus formation was evaluated weekly until the 49th day. Subsequently, new explants were
inoculated at the hormonal combination that resulted in the highest callus cell proliferation and,
every seven days during a period of 70 days, samples were dried and weighed to determine
the callus growth pattern. NAA and GA3 were not effective for callus induction. Combinations
of 2,4-D and BA resulted in callus induction and proliferation. The highest percentage of callus
induction was observed with the combination of 4.52 &#xB5;M 2,4-D and 4.44 &#xB5;M BA. The calluses
thereby produced were friable and whitish. The callus growth pattern followed a sigmoid shape.
The deceleration phase started on the 56th day of culture.

Keywords: Piperaceae, growth regulators, callogenesis.</subfield>
  </datafield>
  <datafield tag="520" ind1=" " ind2=" ">
    <subfield code="a">

RESUMO: 

Indu&#xE7;&#xE3;o e padr&#xE3;o de crescimento de calos de folhas de Piper permucronatum.
Indu&#xE7;&#xE3;o e padr&#xE3;o de crescimento de calos de folhas de Piper permucronatum. Piper
permucronatum &#xE9; um arbusto perene, uma planta medicinal native da Floresta Amaz&#xF4;nica.
Tradicionalmente, o ch&#xE1; de suas folhas &#xE9; usado em casos de c&#xF3;licas menstruais e intestinais,
dores de est&#xF4;mago, problemas digestivos, diarreia, hemorragia e n&#xE1;usea. O &#xF3;leo essencial das
folhas &#xE9; efetivo contra a larva de Aedes aegypti; suas flavonas e flavanonas t&#xEA;m efeito fungicida
contra Clamidosporium cladosporioides e C. sphaerospermum; seu extrato hex&#xE2;nico &#xE9; efetivo
contra Leishmania amazonensis. O objetivo deste trabalho foi determinar um protocolo para
indu&#xE7;&#xE3;o de calos em folhas de P. permucronatum e identificar o padr&#xE3;o de crescimento dos
calos, com foco na fase de desacelera&#xE7;&#xE3;o, quando as c&#xE9;lulas de calo devem ser subcultivadas
em meio l&#xED;quido para produzir culturas de c&#xE9;lulas em suspens&#xE3;o. Explantes foliares foram
inoculados em meio MS s&#xF3;lido suplementado com combina&#xE7;&#xF5;es fatoriais de 2,4-D, BAP, ANA
e GA3. A forma&#xE7;&#xE3;o de calos foi avaliada semanalmente at&#xE9; o 49&#xBA; dia. Posteriormente, novos
explantes foram inoculados na combina&#xE7;&#xE3;o hormonal que resultou na maior prolifera&#xE7;&#xE3;o de
c&#xE9;lulas de calo e, a cada sete dias durante 70 dias, amostras foram secas e pesadas para
determinar o padr&#xE3;o de crescimento dos calos. ANA e GA3 n&#xE3;o foram efetivas para a indu&#xE7;&#xE3;o
de calos. Combina&#xE7;&#xF5;es de 2,4-D e BAP resultaram em indu&#xE7;&#xE3;o e prolifera&#xE7;&#xE3;o de calos. A maior
porcentagem de indu&#xE7;&#xE3;o de calos foi observada com a combina&#xE7;&#xE3;o de 4,52 &#xB5;M de 2,4-D e 4,44
&#xB5;M de BAP. Os calos produzidos eram fri&#xE1;veis e esbranqui&#xE7;ados. O crescimento dos calos
seguiu um padr&#xE3;o sigmoide. A fase de desacelera&#xE7;&#xE3;o iniciou no 56&#xBA; dia de cultivo.

Palavras-chave: Piperaceae, reguladores de crescimento, calog&#xEA;nese</subfield>
  </datafield>
  <datafield tag="650" ind1=" " ind2=" ">
    <subfield code="a">PLANTA MEDICINAL</subfield>
  </datafield>
  <datafield tag="650" ind1=" " ind2=" ">
    <subfield code="a">PIPERACEAE</subfield>
  </datafield>
  <datafield tag="650" ind1=" " ind2=" ">
    <subfield code="a">REGULADOR DE CRESCIMENTO</subfield>
  </datafield>
  <datafield tag="650" ind1=" " ind2=" ">
    <subfield code="a">CALOG&#xCA;NESE</subfield>
  </datafield>
  <datafield tag="773" ind1="0" ind2=" ">
    <subfield code="0">3543</subfield>
    <subfield code="9">316307</subfield>
    <subfield code="d">Botucatu-SP Instituto de Bioci&#xEA;ncias - Departamento de Qu&#xED;mica e Bioqu&#xED;mica 1998</subfield>
    <subfield code="o">2024-2728</subfield>
    <subfield code="t">Revista Brasileira de Plantas Medicinais (Brazil)</subfield>
    <subfield code="x">1516-0572</subfield>
    <subfield code="g">v. 18(1) p. 142-148; (2016)</subfield>
    <subfield code="w">BR2024001475</subfield>
  </datafield>
  <datafield tag="856" ind1=" " ind2=" ">
    <subfield code="u">https://www.scielo.br/j/rbpm/a/VhSMMV3Q9hMwJ6xWsYgBpkg/?format=pdf&amp;lang=en</subfield>
  </datafield>
  <datafield tag="942" ind1=" " ind2=" ">
    <subfield code="c">Anal&#xED;tica</subfield>
  </datafield>
  <datafield tag="999" ind1=" " ind2=" ">
    <subfield code="c">300350</subfield>
    <subfield code="d">300350</subfield>
  </datafield>
</record>
